01400 a2200289 4500003000500000005001700005010001700022020001500039035002300054040000900077082001300086100001600099245009300115260008100208300003300289505031100322538003000633650001800663650001800681650002800699650003200727650003800759700002400797856010600821856009100927856009201018Nust20170207152517.0 a 2004302046 a0471671703 a(OCoLC)ocm56078130 cNust04a621.38271 aZheng, Jun,10aOptical WDM networks :bconcepts and design principles /cJun Zheng, Hussein T. Mouftah. a[Piscataway, NJ] :bIEEE Press ;aHoboken, NJ :bWiley-Interscience,cc2004. axv, 290 p. :bill. ;c25 cm. aIntroduction (Page-1), Fundamentals of WDM Networks Devices (Page-23), Routing and Wavelength Assignment (Page-45),Virtual Topology Design (Page-89), Distributed Lightpath Establishment (Page-131), Optical Layer Survivability (Page-165),IP over WDM (Page-211), Future Trands in Optical Networks (Page-251), aAlmirah No.27 Shelf No.2 0aFiber optics. 0aMultiplexing. 0aOptical communications. 0aRouters (Computer networks) 0aWavelength division multiplexing.1 aMouftah, Hussein T.423Contributor biographical informationuhttp://www.loc.gov/catdir/enhancements/fy0620/2004302046-b.html423Publisher descriptionuhttp://www.loc.gov/catdir/enhancements/fy0620/2004302046-d.html423Table of contents onlyuhttp://www.loc.gov/catdir/enhancements/fy0620/2004302046-t.html